25 years of economic reforms & north east india / (Record no. 169540)

MARC details
000 -LEADER
fixed length control field 00759nam a22002177a 4500
005 - DATE AND TIME OF LATEST TRANSACTION
control field 20191122145710.0
010 ## - LCCN (DPL NO)
LC control number ENG-126989
020 ## - INTERNATIONAL STANDARD BOOK NUMBER
International Standard Book Number 9789388881128
Terms of availability 1350.00
035 ## - SYSTEM CONTROL NUMBER
System control number EN-110521
037 ## - SOURCE OF ACQUISITION
Source of stock number/acquisition DBAD/PUB
082 ## - DEWEY DECIMAL CLASSIFICATION NUMBER
Classification number 338.954
245 ## - TITLE STATEMENT
Title 25 years of economic reforms & north east india /
Statement of responsibility, etc ed.by Bibhas Dhar, Sutapa sengupta and Siddheswar Sarma
260 ## - PUBLICATION, DISTRIBUTION, ETC. (IMPRINT)
Place of publication, distribution, etc Guwahati
Date of publication, distribution, etc 2019
Name of publisher, distributor, etc EBH publishers
270 ## - ADDRESS
City Guwahati
Address 136, M.L. Nehru Road, Panbazar Guwahati, Assam
Postal code 781001
Telephone number 913612513876
Electronic mail address easternbookshouse@gmail.com
300 ## - PHYSICAL DESCRIPTION
Extent xx; 289p.
Dimensions 24cm(Hb)
500 ## - GENERAL NOTE
General note Includes references and index
700 ## - ADDED ENTRY--PERSONAL NAME
Personal name Dhar, Bibhash
700 ## - ADDED ENTRY--PERSONAL NAME
Personal name Sengupta, Sutapa
700 ## - ADDED ENTRY--PERSONAL NAME
Personal name Sarma, siddheswar
942 ## - ADDED ENTRY ELEMENTS (KOHA)
Source of classification or shelving scheme Dewey Decimal Classification
Item type English Books
Classification part 338.954
Call number suffix YEA
Holdings
Withdrawn status Lost status Not for loan Collection code Home library Current library Date acquired Source of acquisition Cost, normal purchase price Full call number Barcode Copy number Cost, replacement price Koha item type
      Non-fiction Central Library Central Library 22/11/2019 DBAD/PUB 1350.00 338.954 YEA EN-110521 1 1350.00 English Books

© Delhi Public Library
Hit Counter
free hit counter